00955nam a22001697a 4500003000900000008004100009040007100050082002400121100001600145245008200161260003800243300002800281505041800309650002900727650001700756650001200773AR-CdUCM190307b ||||| |||| 00| 0 spa d aMUNICIPALIDAD PROVINCIAL DEL CUSCOcBIBLIOTECA MUNICIPAL DEL CUSCO 24ed.a372.26 /bR33 aReca, Telma aLa inadaptación escolar :bProblemas de conducta del niño en la escuela / aBuenos Aires :bEl Ateneo,c1960. a214 páginas ;c19 cm. aContenido: La inadaptación escolar. Sintomatología aparente de la inadaptación en los casos estudiados. Tres grupos de síntomas -- Inadaptación principalmente determinada por condiciones intrínsecas, individuales -- Inadaptación principalmente determinada por condiciones del medio familiar y social y por experiencia del niño, anteriores o contemporaneas a su ingreso o asistencia a la escuela... aAdaptación estudiantil aPsicología aEscuela